00281nam a22000857a 4500008004100000082002000041245010200061260002400163300000800187230731b xxu||||| |||| 00| 0 eng d a362.1bUNE 1994 aFinal Report of the UNESCO Asian Planning Seminar on AIDS and Education within the School Systemo aIndiabUNESCOc1994 a55p